banner-ar

THE NORMAL CHILD: SOME PROPLEMS OF THE EASLY YEARS AND THEIR TREATMENT / (Record no. 20451)

MARC details
000 -الفاتح
حقل البيانات ثابتة الطول 00524nam a2200181Ia 4500
008 - عناصر البيانات ثابتة الطول - معلومات عامة
حقل البيانات ثابتة الطول 140319s9999 xx 000 0 eng d
040 ## - مصدر الفهرسة
وكالة الفهرسة الأصلية GCL /
وكالة النسخ GCL
082 04 - رقم تصنيف ديوى العشرى
رقم التصنيف 618.92
رقم المادة I N
100 1# - المدخل الرئيسى - إسم شخصى
الإسم الشخصى ILLINGWORTH, RONALD S.
245 10 - بيان العنوان
العنوان THE NORMAL CHILD: SOME PROPLEMS OF THE EASLY YEARS AND THEIR TREATMENT /
بيان المسئوليه,etc ILLINGWORTH, RONALD S.
260 ## - PUBLICATION, DISTRIBUTION, ETC. (IMPRINT)
تاريخ النشر أو التوزيع 1991
300 ## - الوصف المادى
التعداد 450 P
650 04 - المدخل الاضافى بالموضوع-مصطلح موضوعى
مصطلح موضوعي PEDIATRICS
650 04 - المدخل الاضافى بالموضوع-مصطلح موضوعى
مصطلح موضوعي CHILD - HEALTH
650 04 - المدخل الاضافى بالموضوع-مصطلح موضوعى
مصطلح موضوعي CHILD - CARE
942 ## - عناصر المدخل الإضافي( كوها)
مصدر التصنيف او مخطط الترفيف Dewey Decimal Classification
Koha [default] item type كتاب
260 ## - PUBLICATION, DISTRIBUTION, ETC. (IMPRINT)
-- [S.N] :
-- CHURCHILL LIVINGSTONE ،
Holdings
حالة التراجع حالة الفقد حالة تلف ليس للاعارة المكان المؤقت الموقع الحالى تاريخ الاكتساب اجمالي اﻻعارات رقم الطلب الباركود تاريخ اخر مشاهدة تاريخ تفعيل السعر نوع وعاء كوها
        مكتبة القاهرة الكبرى مكتبة القاهرة الكبرى 03/26/2014   618.92\I N 38356 03/26/2014 03/26/2014 كتاب

Powered By

EGPV